[Event "Matinhos Caioba op"]
[Site "Matinhos"]
[Date "2015.08.15"]
[Round "4"]
[White "Silva, Lucas Henrique Da"]
[Black "Benedito da Silva, Rodrigo"]
[Result "1-0"]
[WhiteElo "2147"]
[BlackElo "1903"]
[PlyCount "105"]
[EventDate "2015.08.14"]
[EventType "swiss"]
[EventRounds "6"]
[EventCountry "BRA"]
[SourceTitle "EXT 2016"]
[Source "ChessBase"]
[SourceDate "2015.10.08"]
[SourceVersion "1"]
[SourceVersionDate "2015.10.08"]
[SourceQuality "1"]

1. c4 Nf6 2. Nc3 g6 3. Nf3 Bg7 4. g3 d6 5. Bg2 e5 6. 0-0 0-0 7. Rb1 a5 8. a3 Bf5 9. d3 Qc8 10. b4 axb4 11. axb4 Bh3 12. Qb3 h6 13. Ba3 Kh7 14. c5 e4 15. Bxh3 Qxh3 16. Nxe4 Nxe4 17. dxe4 f5 18. exf5 Rxf5 19. cxd6 cxd6 20. Bb2 Nc6 21. Bxg7 Kxg7 22. Rbc1 Raf8 23. Rc4 Rh5 24. Rh4 Rxh4 25. Nxh4 Ne5 26. f4 g5 27. Nf3 gxf4 28. Nxe5 dxe5 29. Qd5 Rf5 30. Qxb7+ Kg6 31. Qc6+ Kg5 32. Rf3 Qh5 33. Qe4 Qf7 34. Kg2 h5 35. Rf2 h4 36. e3 h3+ 37. Kxh3 f3 38. Qh4+ Kg6 39. g4 Rg5 40. Qg3 e4 41. Qd6+ Kh7 42. Kg3 Rg6 43. Qe5 Qc4 44. Qe7+ Rg7 45. Qh4+ Kg8 46. Qd8+ Kh7 47. Qd2 Qc7+ 48. Kh3 Kg8 49. Qd5+ Kh8 50. Qa8+ Kh7 51. Qxe4+ Kg8 52. Qe8+ Kh7 53. Rxf3 1-0

[Event "Curitiba Sul Regional-ch"]
[Site "Curitiba"]
[Date "2015.07.12"]
[Round "5"]
[White "Benedito da Silva, Rodrigo"]
[Black "Dos Anjos, Diovana Ferreira"]
[Result "1-0"]
[WhiteElo "1852"]
[BlackElo "1590"]
[PlyCount "81"]
[EventDate "2015.07.10"]
[EventType "swiss"]
[EventRounds "6"]
[EventCountry "BRA"]
[SourceTitle "EXT 2016"]
[Source "ChessBase"]
[SourceDate "2015.10.08"]
[SourceVersion "1"]
[SourceVersionDate "2015.10.08"]
[SourceQuality "1"]

1. d4 b5 2. e4 Bb7 3. d5 a6 4. a4 b4 5. c4 e6 6. Bd3 c5 7. Qe2 g6 8. h4 h6 9. Nd2 Qc7 10. Nh3 e5 11. Nf1 Bg7 12. Ng3 Nf6 13. f4 0-0 14. f5 d6 15. b3 Nbd7 16. Be3 h5 17. Ng5 Ng4 18. fxg6 fxg6 19. Ne6 Qc8 20. Nxf8 Qxf8 21. Rf1 Qe7 22. Bg5 Ndf6 23. 0-0-0 Rf8 24. Qd2 Kh7 25. Be2 Bc8 26. Bxg4 Bxg4 27. Rde1 Qe8 28. Rf2 Bd7 29. Ref1 Ng4 30. Rxf8 Bxf8 31. Qe2 Bg7 32. Nh1 Bxa4 33. Kb2 Bd7 34. Nf2 Bh6 35. Nxg4 Bxg5 36. hxg5 Bxg4 37. Qf2 Kg8 38. Qf6 Be2 39. Re1 Bxc4 40. bxc4 Kh7 41. Rf1 1-0

[Event "Curitiba Terzian Memorial op"]
[Site "Curitiba"]
[Date "2014.11.01"]
[Round "4"]
[White "Benedito da Silva, Rodrigo"]
[Black "Nascimento, Andre Renato"]
[Result "1-0"]
[WhiteElo "1866"]
[BlackElo "1970"]
[PlyCount "51"]
[EventDate "2014.10.31"]
[EventType "swiss"]
[EventRounds "6"]
[EventCountry "BRA"]
[SourceTitle "EXT 2015"]
[Source "ChessBase"]
[SourceDate "2014.11.20"]
[SourceVersion "1"]
[SourceVersionDate "2014.11.20"]
[SourceQuality "1"]

1. d4 Nf6 2. c4 d5 3. cxd5 Nxd5 4. e4 Nf6 5. Nc3 Nc6 6. d5 Ne5 7. f4 Bg4 8. Qb3 Ned7 9. h3 Nc5 10. Qb5+ Bd7 11. Qxc5 e5 12. Qf2 Bb4 13. Bd3 exf4 14. Bxf4 0-0 15. Nge2 c6 16. 0-0 Nh5 17. Be3 Bd6 18. g4 Nf6 19. Bd4 Nxg4 20. hxg4 Qg5 21. e5 Bxe5 22. Bxe5 Qxe5 23. Qf4 Rae8 24. Rf2 a5 25. Qxe5 Rxe5 26. Bf5 1-0

[Event "BRA-ch U20"]
[Site "Florianopolis"]
[Date "2003.05.17"]
[Round "5"]
[White "Flores da Cunha, Vinicius"]
[Black "Benedito da Silva, Rodrigo"]
[Result "0-1"]
[WhiteElo "1761"]
[BlackElo "1840"]
[PlyCount "54"]
[EventDate "2003.05.??"]
[EventType "swiss"]
[EventRounds "7"]
[EventCountry "BRA"]
[SourceTitle "EXT 2006"]
[Source "ChessBase"]
[SourceDate "2005.11.24"]
[SourceVersion "1"]
[SourceVersionDate "2005.11.24"]
[SourceQuality "1"]

1. d4 Nf6 2. e3 d6 3. Bd3 g6 4. f4 Bg7 5. Nf3 0-0 6. 0-0 Nbd7 7. c3 Re8 8. Qe1 e5 9. e4 Nh5 10. f5 c5 11. Bg5 Qb6 12. Qf2 cxd4 13. cxd4 gxf5 14. d5 Qxf2+ 15. Rxf2 fxe4 16. Bxe4 Nhf6 17. Nc3 Nc5 18. Bxf6 Bxf6 19. Nd2 Bg5 20. Nf3 Be3 21. Raf1 f5 22. Bc2 e4 23. Nh4 f4 24. Kh1 Bxf2 25. Rxf2 Nd3 26. Bxd3 exd3 27. Rxf4 Re1+ 0-1

[Event "BRA-ch U20"]
[Site "Florianopolis"]
[Date "2003.05.16"]
[Round "3"]
[White "Benedito da Silva, Rodrigo"]
[Black "Bergman, Thomas1111"]
[Result "0-1"]
[WhiteElo "1840"]
[BlackElo "1861"]
[PlyCount "100"]
[EventDate "2003.05.??"]
[EventType "swiss"]
[EventRounds "7"]
[EventCountry "BRA"]
[SourceTitle "EXT 2006"]
[Source "ChessBase"]
[SourceDate "2005.11.24"]
[SourceVersion "1"]
[SourceVersionDate "2005.11.24"]
[SourceQuality "1"]

1. d4 d5 2. c4 e6 3. Nc3 Nf6 4. Nf3 c6 5. e3 Bd6 6. Bd3 0-0 7. 0-0 Nbd7 8. e4 dxe4 9. Nxe4 Nxe4 10. Bxe4 Nf6 11. Bc2 c5 12. Bg5 h6 13. Bh4 cxd4 14. Qxd4 Be7 15. Qxd8 Rxd8 16. Rad1 Bd7 17. Ne5 Be8 18. Ng4 Bc6 19. Nxf6+ Bxf6 20. Bxf6 gxf6 21. b4 b6 22. Bb3 Kf8 23. Rc1 Rac8 24. c5 Ke7 25. a4 Bd5 26. Bxd5 Rxd5 27. cxb6 Rxc1 28. Rxc1 axb6 29. g3 Kd6 30. b5 Rc5 31. Ra1 f5 32. a5 bxa5 33. Rxa5 Rc7 34. b6 Rb7 35. Ra8 Rxb6 36. Rh8 f4 37. Rxh6 f3 38. h4 Rb1+ 39. Kh2 Rf1 40. Rf6 Rxf2+ 41. Kh3 Ke7 42. Rf4 e5 43. Rf5 Ke6 44. g4 e4 45. Kg3 Rg2+ 46. Kf4 f2 47. Kg5 e3 48. Rf3 e2 49. Re3+ Kd7 50. Rxe2 f1Q 0-1

[Event "BRA-ch U20"]
[Site "Florianopolis"]
[Date "2003.05.15"]
[Round "1"]
[White "Gattass, Allan Arriada"]
[Black "Benedito da Silva, Rodrigo"]
[Result "1-0"]
[WhiteElo "1902"]
[BlackElo "1840"]
[PlyCount "90"]
[EventDate "2003.05.??"]
[EventType "swiss"]
[EventRounds "7"]
[EventCountry "BRA"]
[SourceTitle "EXT 2006"]
[Source "ChessBase"]
[SourceDate "2005.11.24"]
[SourceVersion "1"]
[SourceVersionDate "2005.11.24"]
[SourceQuality "1"]

1. e4 e5 2. Nf3 Nc6 3. Bb5 f5 4. exf5 e4 5. Qe2 Qe7 6. Bxc6 dxc6 7. Nd4 Nf6 8. Nc3 c5 9. Ne6 Bxe6 10. fxe6 Qxe6 11. d3 0-0-0 12. dxe4 Re8 13. f3 Qe5 14. Be3 g5 15. 0-0-0 Bg7 16. Qb5 Nh5 17. Rd5 Qe6 18. Qxc5 Bxc3 19. Qxc3 Nf4 20. Bxf4 gxf4 21. Rhd1 Rhg8 22. Rd7 Qxd7 23. Rxd7 Kxd7 24. Qd2+ Kc8 25. Qf2 b6 26. g3 fxg3 27. hxg3 Rg6 28. Qh2 Reg8 29. g4 h6 30. Qh3 Kb8 31. Kd2 Rf8 32. Ke3 Rc6 33. Qh2 Rcf6 34. f4 Rg8 35. Qh4 Rc6 36. c3 Rcg6 37. Kf3 Rd6 38. f5 Rd3+ 39. Kf4 Rd2 40. Qxh6 Rxb2 41. Qh7 Rf8 42. g5 Rg2 43. g6 Rf2+ 44. Kg5 Rg2+ 45. Kh6 Rh2+ 1-0